Balancing Work and Childcare: Institutional, Political, and Cultural Determinants of Gender Inequality in Czechia
Zložitý vzťah medzi pracovným a rodinným životom v Českej republike poukazuje na to, ako štrukturálne a kultúrne bariéry na trhu práce ovplyvňujú rodovú rovnosť, najmä pokiaľ ide o rovnováhu medzi pracovnými povinnosťami a povinnosťami v oblasti starostlivosti. Analýza skúma, ako ekonomické rozdiely...
Na minha lista:
| Autor principal: | |
|---|---|
| Formato: | Capítulo de Livro |
| Idioma: | inglês |
| Assuntos: | |
| Tags: |
Sem tags, seja o primeiro a adicionar uma tag!
|
MARC
| LEADER | 00000naa a2200000 4500 | ||
|---|---|---|---|
| 001 | 0314878 | ||
| 005 | 20260211113415.4 | ||
| 041 | 0 | |a eng | |
| 044 | |a SK | ||
| 245 | 1 | 0 | |a Balancing Work and Childcare: Institutional, Political, and Cultural Determinants of Gender Inequality in Czechia |c Kristina Kalitová |
| 520 | |a Zložitý vzťah medzi pracovným a rodinným životom v Českej republike poukazuje na to, ako štrukturálne a kultúrne bariéry na trhu práce ovplyvňujú rodovú rovnosť, najmä pokiaľ ide o rovnováhu medzi pracovnými povinnosťami a povinnosťami v oblasti starostlivosti. Analýza skúma, ako ekonomické rozdiely, kultúrne normy a politická nedostatočná reprezentácia spoločne posilňujú rodovú nerovnosť, ktorá neprimerane postihuje matky v porovnaní s otcami. Zistenia odhaľujú významné medzery v existujúcich politikách, ktoré pretrvávajú v dôsledku zakorenených spoločenských stereotypov a nedostatočnej inštitucionálnej podpory. | ||
| 610 | 2 | 0 | |a štúdie sociologické |
| 610 | 2 | 0 | |a analýzy |
| 610 | 2 | 0 | |a rovnosť rodová |
| 610 | 2 | 0 | |a starostlivosť o deti |
| 610 | 2 | 0 | |a politika sociálna |
| 100 | 1 | |a Kalitová, Kristina | |